000 00489nam a2200181Ia 4500
001 21057
005 20260306172851.0
008 260306t2004||||xx |||||||||||||| ||spa||
041 _aESP
082 _a344
_bJ414A N° 21
100 _aJakobs, Günther,
_eAUT
245 0 _aInjerencia y dominio del hecho :
_bdos estudios sobre la parte general del derecho penal
260 _c2004
300 _a109 páginas :
_c21 cm.
650 _aGEN
654 _aCDE
942 _cLIB
_dJUS
_fJUS
_2ddc
_n
999 _c21057
_d21057